Where the wild things are (Record no. 1157)

MARC details
000 -LEADER
fixed length control field 03874cgm a2200793Ia 4500
003 - CONTROL NUMBER IDENTIFIER
control field data
005 - DATE AND TIME OF LATEST TRANSACTION
control field 20260322212049.0
007 - PHYSICAL DESCRIPTION FIXED FIELD--GENERAL INFORMATION
fixed length control field data
008 - FIXED-LENGTH DATA ELEMENTS--GENERAL INFORMATION
fixed length control field data
019 ## -
-- 527840554
-- 527840554
020 ## - INTERNATIONAL STANDARD BOOK NUMBER
International Standard Book Number 1419864068
020 ## - INTERNATIONAL STANDARD BOOK NUMBER
International Standard Book Number 9781419864063
024 1# - OTHER STANDARD IDENTIFIER
Standard number or code 085391189930
024 1# - OTHER STANDARD IDENTIFIER
Standard number or code 883929123438
024 1# - OTHER STANDARD IDENTIFIER
Standard number or code 883929068166
028 42 - PUBLISHER OR DISTRIBUTOR NUMBER
Publisher or distributor number 1000027423
Source Warner Home Video
040 ## - CATALOGING SOURCE
Original cataloging agency TEFMT
Transcribing agency TEFMT
Modifying agency OUN
-- BTCTA
-- TEF
-- YDXCP
-- TEF
-- OCL
-- IHV
-- UPZ
-- TLM
-- WAU
-- OUN
041 1# - LANGUAGE CODE
Language code of text/sound track or separate title spa
-- fre
-- spa
Language code of original eng
090 ## - LOCALLY ASSIGNED LC-TYPE CALL NUMBER (OCLC); LOCAL CALL NUMBER (RLIN)
Classification number (OCLC) (R) ; Classification number, CALL (RLIN) (NR) DVD 934
001 - CONTROL NUMBER
control field data
245 10 - TITLE STATEMENT
Title Where the wild things are
Medium [videorecording] /
Statement of responsibility, etc. Spike Jonze ... [et al.].
260 ## - PUBLICATION, DISTRIBUTION, ETC.
Place of publication, distribution, etc. Burbank, CA :
Name of publisher, distributor, etc. Distributed by Warner Home Video,
Date of publication, distribution, etc. [2010]
300 ## - PHYSICAL DESCRIPTION
Extent 1 videodisc (101 min.) :
Other physical details sd., col. ;
Dimensions 4 3/4 in.
500 ## - GENERAL NOTE
General note Based on the book by Maurice Sendak.
500 ## - GENERAL NOTE
General note Originally released as a motion picture in 2009.
500 ## - GENERAL NOTE
General note Special features: Series of "Where the wild things are" shorts by Lance Bange: "The absurd difficulty of filming a dog running and barking at the same time," "Crew pranks Spike," "Vampire attack: the Max Records short" and "The kids take over the picture."
508 ## - CREATION/PRODUCTION CREDITS NOTE
Creation/production credits note Music, Karen O, Carter Burwell ; cinematography, Lance Acord ; editor, James Haygood, Eric Zumbrunnen.
511 1# - PARTICIPANT OR PERFORMER NOTE
Participant or performer note Catherine Keener, Max Records, Mark Ruffalo, Lauren Ambrose, Chris Cooper, James Gandolfini, Catherine O'Hara, Forest Whitaker.
520 ## - SUMMARY, ETC.
Summary, etc. Max has an active imagination, who will throw a fit if others don't go along with what he wants. Following an incident with his sister Claire and her friends, Max throws a tantrum when his mother pays more attention to her boyfriend than to him - runs away from home. Wearing his wolf costume at the time, Max not only runs away physically, but runs toward a world in his imagination. This world, an ocean away, is inhabited by large wild beasts, including Carol who has the same temperament as Max. Instead of eating Max like they normally would with creatures of his type, the wild things befriend Max after he proclaims himself a king who can magically solve all their problems.
521 8# - TARGET AUDIENCE NOTE
Target audience note MPAA rating: PG; for mild thematic elements, some adventure action and brief language.
538 ## - SYSTEM DETAILS NOTE
System details note DVD, NTSC, region 1, widescreen (letterbox, enhanced) presentation; Dolby Digital 5.1 surround.
540 ## - TERMS GOVERNING USE AND REPRODUCTION NOTE
Terms governing use and reproduction This DVD disc is copy protected.
546 ## - LANGUAGE NOTE
Language note English, dubbed French or dubbed Spanish dialogue with optional French and Spanish subtitles and English subtitles for the deaf and hard of hearing.
600 10 - SUBJECT ADDED ENTRY--PERSONAL NAME
Personal name Sendak, Maurice
Form subdivision Film and video adaptations.
650 #0 - SUBJECT ADDED ENTRY--TOPICAL TERM
Topical term or geographic name entry element Imagination in children
Form subdivision Drama.
650 #0 - SUBJECT ADDED ENTRY--TOPICAL TERM
Topical term or geographic name entry element Temper tantrums
Form subdivision Drama.
650 #0 - SUBJECT ADDED ENTRY--TOPICAL TERM
Topical term or geographic name entry element Brothers and sisters
Form subdivision Drama.
650 #0 - SUBJECT ADDED ENTRY--TOPICAL TERM
Topical term or geographic name entry element Mothers and sons
Form subdivision Drama.
650 #0 - SUBJECT ADDED ENTRY--TOPICAL TERM
Topical term or geographic name entry element Children's costumes
Form subdivision Drama.
650 #0 - SUBJECT ADDED ENTRY--TOPICAL TERM
Topical term or geographic name entry element Runaway children
Form subdivision Drama.
655 #0 - INDEX TERM--GENRE/FORM
Genre/form data or focus term Fantasy films.
655 #0 - INDEX TERM--GENRE/FORM
Genre/form data or focus term Film adaptations.
655 #0 - INDEX TERM--GENRE/FORM
Genre/form data or focus term Feature films.
655 #0 - INDEX TERM--GENRE/FORM
Genre/form data or focus term Video recordings for the hearing impaired.
700 1# - ADDED ENTRY--PERSONAL NAME
Personal name Jonze, Spike.
700 1# - ADDED ENTRY--PERSONAL NAME
Personal name Hanks, Tom.
700 1# - ADDED ENTRY--PERSONAL NAME
Personal name Goetzman, Gary,
Dates associated with a name 1952-
700 1# - ADDED ENTRY--PERSONAL NAME
Personal name Sendak, Maurice.
700 1# - ADDED ENTRY--PERSONAL NAME
Personal name Carls, John.
700 1# - ADDED ENTRY--PERSONAL NAME
Personal name Landay, Vincent.
700 1# - ADDED ENTRY--PERSONAL NAME
Personal name Eggers, Dave.
700 1# - ADDED ENTRY--PERSONAL NAME
Personal name Keener, Catherine.
700 1# - ADDED ENTRY--PERSONAL NAME
Personal name Records, Max,
Dates associated with a name 1997-
700 1# - ADDED ENTRY--PERSONAL NAME
Personal name Ruffalo, Mark.
700 1# - ADDED ENTRY--PERSONAL NAME
Personal name Ambrose, Lauren,
Dates associated with a name 1978-
700 1# - ADDED ENTRY--PERSONAL NAME
Personal name Cooper, Chris,
Dates associated with a name 1951-
700 1# - ADDED ENTRY--PERSONAL NAME
Personal name Gandolfini, James.
700 1# - ADDED ENTRY--PERSONAL NAME
Personal name O'Hara, Catherine.
700 1# - ADDED ENTRY--PERSONAL NAME
Personal name Whitaker, Forest.
700 1# - ADDED ENTRY--PERSONAL NAME
Personal name Karen O,
Dates associated with a name 1978-
700 1# - ADDED ENTRY--PERSONAL NAME
Personal name Burwell, Carter.
700 1# - ADDED ENTRY--PERSONAL NAME
Personal name Sendak, Maurice.
Title of a work Where the wild things are.
710 2# - ADDED ENTRY--CORPORATE NAME
Corporate name or jurisdiction name as entry element Warner Bros. Pictures (1969- )
710 2# - ADDED ENTRY--CORPORATE NAME
Corporate name or jurisdiction name as entry element Legendary Pictures.
710 2# - ADDED ENTRY--CORPORATE NAME
Corporate name or jurisdiction name as entry element Village Roadshow Pictures.
710 2# - ADDED ENTRY--CORPORATE NAME
Corporate name or jurisdiction name as entry element Playtone (Firm)
710 2# - ADDED ENTRY--CORPORATE NAME
Corporate name or jurisdiction name as entry element Wild Things (Firm)
710 2# - ADDED ENTRY--CORPORATE NAME
Corporate name or jurisdiction name as entry element Warner Home Video (Firm)
Holdings
Withdrawn status Lost status Damaged status Not for loan Home library Current library Shelving location Date acquired Total checkouts Full call number Barcode Date last seen Price effective from Koha item type
        Fairfield Fairfield General stacks 22/03/2026   GEN BC0011195 22/03/2026 22/03/2026 Books